[Event "Nuremberg-ch op 06th"]
[Site "Nuremberg"]
[Date "2006.06.03"]
[Round "2.45"]
[White "Walter, Manfred"]
[Black "Lange, Vanessa"]
[Result "1-0"]
[WhiteElo "1727"]
[BlackElo "1346"]
[PlyCount "99"]
[EventDate "2006.06.02"]
[EventType "swiss"]
[EventRounds "5"]
[EventCountry "GER"]
[SourceTitle "EXT 2007"]
[Source "ChessBase"]
[SourceDate "2006.11.23"]
[SourceVersion "1"]
[SourceVersionDate "2006.11.23"]
[SourceQuality "1"]

1. e4 c6 2. d4 d5 3. exd5 cxd5 4. c4 Nf6 5. Nc3 b6 6. Bg5 dxc4 7. Bxc4 e6 8. Qf3 Nc6 9. Bb5 Bd7 10. Bxc6 Rc8 11. Bxd7+ Kxd7 12. Nge2 Be7 13. 0-0 Qc7 14. Bf4 Qc6 15. Qxc6+ Rxc6 16. Rac1 Rhc8 17. Nb5 Rxc1 18. Rxc1 Rxc1+ 19. Bxc1 a6 20. Nbc3 Ne8 21. Ne4 f5 22. Ng5 h6 23. Nf7 Bf6 24. Ne5+ Kd6 25. f4 Nc7 26. Nc3 Nd5 27. Nxd5 Kxd5 28. Be3 g5 29. fxg5 hxg5 30. h3 b5 31. Nf3 f4 32. Bf2 Ke4 33. Ne1 e5 34. dxe5 Bxe5 35. b3 Bc3 36. Kf1 a5 37. Ke2 a4 38. bxa4 bxa4 39. Nf3 Bf6 40. Nd2+ Kd5 41. Kd3 Bd8 42. Ne4 a3 43. Bc5 Bc7 44. Bxa3 Bd8 45. Bb2 Ke6 46. Bf6 Bxf6 47. Nxf6 Kxf6 48. Ke4 Ke6 49. a4 Kd6 50. Kf5 1-0

[Event "Mittelfranken-ch QT 55th"]
[Site "Postbauer"]
[Date "2006.04.14"]
[Round "6"]
[White "Mueller, Ludwig"]
[Black "Lange, Vanessa"]
[Result "1-0"]
[WhiteElo "1665"]
[BlackElo "1349"]
[PlyCount "120"]
[EventDate "2006.04.12"]
[EventType "swiss"]
[EventRounds "7"]
[EventCountry "GER"]
[SourceTitle "EXT 2015"]
[Source "ChessBase"]
[SourceDate "2014.11.20"]
[SourceVersion "1"]
[SourceVersionDate "2014.11.20"]
[SourceQuality "1"]

1. e4 e5 2. Nf3 Nc6 3. b3 Bc5 4. Bb2 d6 5. Bb5 Bd7 6. 0-0 a6 7. Bxc6 Bxc6 8. Nc3 Nf6 9. d3 0-0 10. Ne2 Qc8 11. c4 b5 12. Qc2 Bb6 13. Nc3 Nh5 14. Ne2 Qe6 15. Bc1 Bd7 16. Be3 Qg6 17. Bxb6 cxb6 18. Ng3 Bg4 19. Qd1 Nf4 20. h3 Bh5 21. Kh2 f5 22. Nh4 Bxd1 23. Nxg6 hxg6 24. Raxd1 Nh5 25. cxb5 axb5 26. Rd2 Rac8 27. Ne2 f4 28. f3 Kf7 29. g3 Nxg3 30. Nxg3 fxg3+ 31. Kxg3 g5 32. d4 exd4 33. Rfd1 Rc6 34. Rxd4 Rd8 35. Kg4 Kf6 36. Rd5 Ra8 37. Rxd6+ Rxd6 38. Rxd6+ Ke7 39. Rxb6 Rxa2 40. Kg3 Ra3 41. Rxb5 Kf6 42. Kg4 Ra2 43. Rf5+ Ke6 44. Rxg5 Rg2+ 45. Kf4 Rb2 46. Rb5 Rh2 47. Kg3 Rb2 48. f4 g6 49. Rb6+ Kf7 50. e5 Re2 51. b4 Re4 52. Kg4 Rd4 53. Rf6+ Ke7 54. b5 Rb4 55. b6 Rb2 56. Rxg6 Kd7 57. Kf5 Rh2 58. b7 Kc7 59. Rg7+ Kb8 60. Rh7 Rxh3 1-0

[Event "Nuremberg-ch op 05th"]
[Site "Nuremberg"]
[Date "2005.05.08"]
[Round "5"]
[White "Umrath, Stephan"]
[Black "Lange, Vanessa"]
[Result "1-0"]
[WhiteElo "1399"]
[BlackElo "1265"]
[PlyCount "99"]
[EventDate "2005.05.06"]
[EventType "swiss"]
[EventRounds "5"]
[EventCountry "GER"]
[SourceTitle "EXT 2007"]
[Source "ChessBase"]
[SourceDate "2006.11.23"]
[SourceVersion "1"]
[SourceVersionDate "2006.11.23"]
[SourceQuality "1"]

1. e4 e5 2. d4 f5 3. exf5 exd4 4. Qxd4 Nc6 5. Qe3+ Qe7 6. Be2 Qxe3 7. Bxe3 Nf6 8. Nf3 d6 9. Bd3 Nb4 10. Nc3 a6 11. 0-0-0 Nxd3+ 12. Rxd3 Bxf5 13. Rd2 Be7 14. Re1 0-0-0 15. Bb6 Rd7 16. Rde2 Re8 17. Be3 h6 18. Nd4 Bh7 19. Ne6 Bf8 20. Nxf8 Rxf8 21. Bd4 Rdd8 22. Re7 Bg8 23. Rxg7 Nd7 24. Ree7 Rfe8 25. f4 Rxe7 26. Rxe7 c5 27. Bg7 h5 28. f5 b5 29. h3 b4 30. Nd5 Bxd5 31. g4 hxg4 32. hxg4 Bxa2 33. b3 c4 34. Kb2 Bxb3 35. cxb3 c3+ 36. Kc2 Rg8 37. g5 d5 38. f6 Rd8 39. f7 a5 40. Re8 Kc7 41. Bf6 Rc8 42. Be5+ Kb7 43. g6 Nxe5 44. f8Q Nd7 45. Qe7 Rc7 46. g7 Nc5 47. g8Q Rxe7 48. Rxe7+ Kc6 49. Qc8+ Kd6 50. Qc7# 1-0